[Event "Cap d'Agde GP CCAS"]
[Site "Cap d'Agde"]
[Date "2013.10.28"]
[Round "4"]
[White "Kravtsiv, Martyn"]
[Black "Doluhanova, Evgeniya"]
[Result "1-0"]
[WhiteElo "2609"]
[BlackElo "2326"]
[Annotator "RR"]
[PlyCount "79"]
[EventDate "2013.10.26"]
[EventType "swiss"]
[EventRounds "9"]
[EventCountry "FRA"]
[SourceTitle "EXT 2016"]
[Source "ChessBase"]
[SourceDate "2015.10.08"]
[SourceVersion "1"]
[SourceVersionDate "2015.10.08"]
[SourceQuality "1"]

1. e4 c5 2. Nf3 d6 3. d4 cxd4 4. Nxd4 Nf6 5. Nc3 a6 6. Bc4 e6 7. O-O b5 (7...
Be7 8. Bb3) 8. Bb3 b4 9. Na4 Be7 (9... Bb7 10. Re1 Nc6 11. f4 Nxd4 12. Qxd4 d5
13. Nb6 Be7 14. Ba4+ Kf8 15. exd5 Rb8 16. f5 e5 17. Rxe5 Qc7 18. Rxe7 Qxe7 19.
Bd2 a5 20. Re1 Qd8 21. Bg5 Bc6 22. Qc5+ Kg8 23. dxc6 {1-0 (23) Ciuksyte,D 
(2345)-Bulmaga,I (2396) London 2013}) (9... Bd7 {La grande ligne} 10. c3 Nc6
11. Re1) 10. Re1 Bb7 11. c3 (11. a3 {Milu,R (2395)-Marjanovic,S (2451)
Ciocaltea Memorial 1999 (8) 1/2}) 11... O-O $5 (11... bxc3 12. Nxc3 O-O 13. f4
Nbd7 14. e5 $14 {Yakovich,Y (2475)-Dvoirys,S (2455) URS Soviet Union 1987 1/2})
12. cxb4 Bxe4 $146 (12... Nxe4 13. f3 Nf6 14. Rxe6 d5 15. Rb6 Ra7 16. Bf4 Nfd7
17. Bxb8 Nxb8 18. b5 a5 19. Kh1 Bd6 20. Rxd6 Qxd6 21. b6 Ra6 22. Nb5 Qc6 23.
Nc7 Rxb6 24. Nxd5 Kh8 25. Ndxb6 {1-0 (25) Virostko,P (2190)-Paramonov,D (2200)
Plzen 1998}) (12... Nc6 {Peut-être un moindre mal car les Noirs vont jouer
toute la partie sans le Nb8!} 13. a3) 13. Bxe6 $1 d5 (13... fxe6 14. Nxe6 Qe8
15. Nxf8 Bxf8 (15... Kxf8) (15... Qxf8 16. Rxe4 Nxe4 17. Qd5+ {[%cal Gd5e4,
Gd5a8]}) 16. Nc3 {[%csl Re4]}) 14. f3 Bxb4 (14... Bg6 15. a3) 15. Bd2 (15. fxe4
Bxe1 16. Qxe1 fxe6 17. Nxe6 Qe8 18. Nxf8 Qxa4 $13) 15... Bxd2 16. Qxd2 Bg6 17.
Rac1 $1 $32 (17. Bh3) 17... Qd6 18. Bh3 Ra7 19. b4 Re7 20. Rxe7 Qxe7 21. Nc5 (
21. Re1) 21... Re8 22. a4 h6 23. g3 h5 24. Kf2 $1 h4 25. Re1 hxg3+ 26. hxg3 Qd6
{[%cal Ga6a5]} 27. Rxe8+ Nxe8 28. Bf1 Nf6 (28... a5 {[%cal Gd6c5]} 29. Nb5) 29.
a5 $1 {[%csl Ra6]} Nh5 30. Qg5 Kh7 31. Bd3 {[%cal Gg5h5]} Nf6 32. Be2 (32.
Bxg6+ fxg6) 32... Qc7 33. Qh4+ Kg8 34. Qf4 Qc8 35. Qd6 $18 {[%csl Rb8]} Ne8 36.
Qxd5 Kh7 37. Bf1 Nc7 38. Qd6 Ne8 39. Qe5 f6 40. Qe7 {Le Nb8 n' a jamais eu le
temps d'être développé!} 1-0

[Event "EU-ch 12th"]
[Site "Aix les Bains"]
[Date "2011.03.22"]
[Round "1"]
[White "Rublevsky, Sergei"]
[Black "Zude, Erik"]
[Result "1-0"]
[WhiteElo "2678"]
[BlackElo "2409"]
[Annotator "Reeh,O"]
[PlyCount "39"]
[EventDate "2011.03.22"]
[EventType "swiss"]
[EventRounds "11"]
[EventCountry "FRA"]
[SourceTitle "CBM 142 Extra"]
[Source "ChessBase"]
[SourceDate "2011.06.27"]
[SourceVersion "1"]
[SourceVersionDate "2011.06.27"]
[SourceQuality "1"]
[TimeControl "40/5400+30:1800+30"]

1. e4 c5 2. Nf3 d6 3. d4 cxd4 4. Nxd4 Nf6 5. Nc3 a6 6. Bc4 e6 7. Bb3 b5 (7...
Be7 8. Be3 O-O 9. Qe2 Nc6 10. O-O-O Qc7 11. g4 Nxd4 12. Rxd4 Nd7 13. g5 Nc5 14.
e5 $6 d5 (14... dxe5 {Bronstein,D (2590)-Lein,A (2510) URS-ch39 Leningrad 1971
(9) 1-0}) 15. f4 b5 $132 {Bronstein}) 8. O-O Be7 9. Qf3 Qb6 10. Be3 Qb7 11. Qg3
O-O (11... b4) 12. Bh6 Ne8 13. Rfe1 Bd7 (13... Kh8 $142) (13... Bf6) 14. Rad1
Nc6 $2 ({This was the moment to force the white Bh6 to retreat:} 14... Kh8 15.
Bg5 Bxg5 16. Qxg5 Nc6 17. Nce2 Nf6 18. Ng3 h6 19. Qh4 a5 20. a3 Ne5 21. Qf4 a4
22. Ba2 b4 23. Qe3 Rfc8 24. h3 Rab8 25. f4 {1/2-1/2 Huebner,R (2605) -Tisdall,
J (2465)/Haifa 1989/EU-chT}) 15. Nd5 $1 {'A first indication that opening the
e-file would involve great dangers for Black.'} Bd8 (15... exd5 16. Nxc6 {
followed by 17.exd5 and White wins back the piece with a huge advantage}) 16.
Nf5 $1 $40 {The forced opening of the e-file adds to the fire against the
point g7.} ({RR} 16. Nxc6 Bxc6 17. Nf4 Bxe4 18. f3 Bg6 19. Nxg6 hxg6 20. Bf4 d5
21. c3 Rc8 22. Bc1 b4 23. cxb4 Qxb4 24. Qf4 Bb6+ 25. Kh1 Qxf4 26. Bxf4 Nc7 27.
a4 a5 28. Rc1 Na6 29. Rxc8 Rxc8 30. Rc1 Rxc1+ {Gasparian,T-Bulatovic,D (2265)/
Rimavska Sobota 1992/EXT 1997/0-1 (53)}) 16... exf5 17. exf5 {The threat is 18.
Rxe8 and 19.Qxg7++!'} Ne5 ({After Nach} 17... g6 {one of the numerous ways to
win} 18. fxg6 hxg6 19. Rxe8 $1 Rxe8 20. Nf6+ Kh8 (20... Bxf6 21. Qxg6+) 21. Qh4
$1 {and White checkmates: und Weiß setzt matt:} Bg4 (21... Bxf6 22. Qxf6+ Kg8
23. Qg7#) 22. Bf8+ Bh5 23. Qg5) 18. Rxe5 $1 {Sweeping away a potential
defender of the point g7 - no ...Ng6!'} dxe5 19. f6 {'The coup-de-grâce - the
point g7 is finally conquered.} g6 (19... Qc6 {Reeh,Oliver (hoping for 20.
fxg7? Qxh6) is simply met by} 20. Bxg7 $1) ({while the pawn is untouchable:
und der Bauer ist unantastbar:} 19... Bxf6 {Reeh, Oliver} 20. Nxf6+ Kh8 (20...
Nxf6 21. Qxg7#) 21. Nxe8 {and the threat 22. Qxg7++ is supported by two minor
pieces!}) 20. Ne7+ {'and Black resigned since both after 20...Kh8 and 20...
Bxe7 21.fxe7 he loses the Rf8, with an ongoing white attack. The ChessBase
Online database contains no less than six games where exactly this position
was reached!'} 1-0

[Event "St Petersburg op"]
[Site "St Petersburg"]
[Date "1995.??.??"]
[Round "8"]
[White "Tseshkovsky, Vitaly"]
[Black "Dvoirys, Semen I"]
[Result "1-0"]
[WhiteElo "2530"]
[BlackElo "2550"]
[Annotator "Shipov,S"]
[PlyCount "105"]
[EventDate "1995.05.??"]
[EventType "swiss"]
[EventRounds "9"]
[EventCountry "RUS"]
[SourceTitle "CBM 046 Extra"]
[Source "ChessBase"]
[SourceDate "1995.07.01"]
[SourceVersion "1"]
[SourceVersionDate "1995.07.01"]
[SourceQuality "1"]

1. e4 c5 2. Nf3 d6 3. d4 cxd4 4. Nxd4 Nf6 5. Nc3 a6 6. Bc4 e6 7. Bb3 b5 8. O-O
Bb7 (8... Be7) 9. Qf3 (9. f4) 9... Nbd7 (9... b4 $5) 10. Re1 Qc8 {N/} (10...
Be7 $2 11. Bxe6 $1 fxe6 12. Nxe6 $40) (10... Nc5 11. Bd5 $1 Qc7 $1 (11... exd5
12. exd5+ Kd7 $8 13. b4 Na4 14. Nxa4 bxa4 15. c4 Rc8 16. Bg5 h6 17. Bh4 Kc7 18.
b5 $16 {Meister,J-Svirin,O/URS/1987/}) 12. Bxb7 (12. Bg5 $5 Be7 13. b4 Ncd7 14.
Bxe6 $1 $40) 12... Qxb7 13. Bg5 Be7 14. a3 O-O 15. Rad1 Rfd8 16. e5 Qxf3 17.
Nxf3 dxe5 18. Nxe5 Rxd1 19. Rxd1 Rc8 $10 {Mainka,G-Schmidt,W/Dortmund/1988/})
11. Qg3 Ne5 (11... b4 12. Nd5 $1) 12. Bg5 (12. Bf4 $2 Nh5) (12. f4 $5) 12...
Be7 13. Rad1 O-O 14. f4 Nc4 15. Bxc4 Qxc4 16. e5 dxe5 17. fxe5 Nh5 $1 (17...
Nd5 18. Nxd5 Bxg5 19. Nb6 $16) 18. Qg4 Bxg5 19. Qxg5 Rad8 $1 (19... g6 $2 20.
Ne4 $16) 20. Nce2 g6 $15 21. c3 Qd5 22. Nc1 (22. Rf1 $2 h6 $1 $17) 22... Nf4 (
22... f6 23. Qg4 Nf4 $5) 23. Rd2 (23. Nf3 $2 Qxd1 (23... Qxf3 $2 24. Rxd8) 24.
Rxd1 Rxd1+ 25. Kf2 Rxc1 26. Qxf4 Rc2+ $17) 23... Nh3+ $1 24. gxh3 Qh1+ 25. Kf2
Qxh2+ 26. Kf1 (26. Ke3 Qxh3+ 27. Ke2) 26... Qxh3+ 27. Ke2 f6 28. Qe3 $1 (28.
exf6 e5 $17) 28... Qg4+ 29. Kd3 Qf5+ 30. Ke2 Qg4+ 31. Kd3 Rd5 $1 (31... Qf5+
32. Ke2 $10) 32. Kc2 $8 Rxe5 33. Rg1 (33. Qf2 $5) 33... Qh5 $2 (33... Rxe3 34.
Rxg4 g5 $17) 34. Qf2 $16 Re4 (34... Be4+ $32 35. Nd3 g5 $132) 35. Nd3 e5 36.
Ne6 Qh6 (36... Rf7 37. Nd8 Rd7 38. Qxf6 $18) 37. Nxf8 Qxf8 38. Nc5 $1 Rf4 39.
Qe1 Qxc5 (39... Bc8 40. Rd5 {/\Qd2+-/}) 40. Rd8+ Kf7 41. Rd7+ Ke6 42. Rxb7 $18
Qd5 43. Rxh7 Qxa2 44. Qd2 $1 Qa4+ 45. Kb1 b4 46. Qd8 $1 bxc3 47. Re7+ Kf5 48.
Qc8+ Ke4 49. Qxc3 Kf5 50. Qc8+ Ke4 51. Re1+ Kf3 52. Qh3+ Kf2 53. Qe3+ 1-0

[Event "Olympiad-31"]
[Site "Moscow"]
[Date "1994.12.05"]
[Round "5.1"]
[White "Kasparov, Garry"]
[Black "Gelfand, Boris"]
[Result "1/2-1/2"]
[WhiteElo "2805"]
[BlackElo "2680"]
[Annotator "Shipov,S"]
[PlyCount "75"]
[EventDate "1994.12.01"]
[EventType "team-swiss"]
[EventRounds "14"]
[EventCountry "RUS"]
[SourceTitle "CBM 045"]
[Source "ChessBase"]
[SourceDate "1995.04.01"]
[SourceVersion "1"]
[SourceVersionDate "1995.04.01"]
[SourceQuality "1"]
[WhiteTeam "Russia"]
[BlackTeam "Belarus"]
[WhiteTeamCountry "RUS"]
[BlackTeamCountry "BLR"]

1. e4 c5 2. Nf3 d6 3. d4 cxd4 4. Nxd4 Nf6 5. Nc3 a6 6. Bc4 e6 7. Bb3 b5 8. O-O
Be7 9. Qf3 Qc7 10. Qg3 O-O (10... Nc6 $5) 11. Bh6 Ne8 12. Rad1 Bd7 (12... Bf6
13. Bg5 (13. f4 $2 Bxd4+ $1 14. Rxd4 Qa7 $17) 13... Bxg5 14. Qxg5 Qc5 15. Qd2
Bd7 16. Rfe1 $14 {Ehlvest,J-Gavrikov,V/Moscow/1988/}) 13. Nf3 (13. f4 Nc6 (
13... Kh8 $1) 14. Nxc6 Bxc6 15. f5 Kh8 16. Be3 b4 17. Na4 Rb8 18. fxe6 fxe6 19.
Rxf8+ Bxf8 20. Rf1 Qe7 21. e5 $1 $16 {Sokolov,A-Gelfand,B/Odessa/1989/}) (13.
a3 Nc6 14. Nxc6 Bxc6 15. Bf4 (15. f4 Bf6 16. f5 Qe7 17. Qg4 Kh8 18. Bd2 $10 {
Shtyrenkov,V-Vaulin,A/Budapest/1991/}) 15... Qb7 16. Rfe1 a5 17. e5 dxe5 18.
Bxe5 $14 {Short,N-Kasparov,G/London(Wm/20)/1993/}) 13... Nc6 (13... b4 $6 14.
Ne2 a5 15. Nf4 $1 Kh8 (15... a4 $2 16. Bxg7 Nxg7 17. Nh5 $18) 16. Bg5 Nf6 (
16... Bxg5 17. Nxg5 $40) 17. Qh4 $16 {Kasparov,G-Gelfand,B/Linares/1993/}) (
13... a5 14. a4 b4 15. Ne2 Nc6 16. Nf4 Bf6 17. Nd3 e5 18. Be3 Be7 19. Nd2 Nf6
20. f3 Rfe8 21. Kh1 Be6 $10 {Short,N-Kasparov,G/London(Wm/18)/1993/}) 14. Bf4 (
14. Bg5 Bxg5 15. Nxg5 Rd8 16. f4 $6 (16. Rd2 $5) 16... h6 17. Nf3 b4 $1 18. Ne2
Nf6 19. e5 Ne4 $1 20. Qh4 dxe5 21. fxe5 Nc5 $17 {Sax,G-Wojtkiewicz,A/Budapest/
1993/}) 14... Qb7 {N/} (14... Rd8 15. Rfe1 Bc8 16. e5 dxe5 17. Nxe5 Rxd1 18.
Rxd1 Nxe5 19. Bxe5 Qc6 $10 {Winants,L-Wojtkiewicz,A/Wijk aan Zee/1994/}) 15.
Rfe1 b4 16. Ne2 (16. Nd5 $6 exd5 17. exd5 Ne5 18. Nxe5 dxe5 19. Bxe5 Bf6 20. d6
Rd8 $17) (16. Na4 Na5 $1 $13) 16... e5 $1 17. Bg5 $1 (17. Be3 Nf6 18. Nd2 Be6
$10) 17... Be6 (17... Bxg5 18. Qxg5 Be6 19. Ng3 $14) 18. Nh4 Na5 19. Bd5 Bxd5
20. Rxd5 Bxg5 21. Qxg5 Nc4 22. Ng3 $5 (22. b3 Nb6 23. Rdd1 Qxe4 $5 24. Nd4 Qb7
25. Ndf5 $44) 22... Nxb2 23. Ngf5 $44 f6 (23... Nc4 $32) 24. Qg3 Rc8 25. Qb3
Nc4 $8 26. a3 (26. c3 $32 g6 27. Nxd6 Nexd6 28. Rxd6 Rf7 29. Rdd1 $10) 26... g6
(26... Nxa3 $2 27. Rc5+ (27. Rb5+ Qf7) 27... Kh8 28. Rxc8 Qxc8 29. Ng6+ $1 hxg6
30. Qh3+ Kg8 31. Ne7+ $18) 27. Ne3 (27. Nxd6 Nexd6 28. Rxd6 Kh8 29. Rd5 Nxa3
$17) 27... Nxe3 28. Rxe3 Rf7 29. axb4 Qc6 30. c3 Nc7 31. Rdd3 $15 Nb5 32. Nf3
Kg7 33. h4 h5 (33... Rfc7 $5 34. h5 Qb7 35. hxg6 hxg6 36. Nh4 Rc4 $36) 34. Nd2
Rfc7 35. Qa2 Qb7 36. Qa1 Rc6 37. Rg3 Qc7 38. Qd1 $1 (38. Qd1 Kh7 (38... Kf7 39.
Qb3+ Kg7 40. Qd1 $10) 39. Nb1 Rc4 40. Qf3 $132) 1/2-1/2

[Event "Yalta op"]
[Site "Yalta"]
[Date "1995.??.??"]
[Round "9"]
[White "Lukin, Andrei M"]
[Black "Zagrebelny, Sergey"]
[Result "1-0"]
[WhiteElo "2420"]
[BlackElo "2510"]
[Annotator "Shipov,S"]
[PlyCount "69"]
[EventDate "1995.??.??"]
[EventType "swiss"]
[EventRounds "9"]
[EventCountry "UKR"]
[SourceTitle "CBM 047 Extra"]
[Source "ChessBase"]
[SourceDate "1995.09.01"]
[SourceVersion "1"]
[SourceVersionDate "1995.09.01"]
[SourceQuality "1"]

1. e4 c5 2. Nf3 d6 3. d4 cxd4 4. Nxd4 Nf6 5. Nc3 a6 6. Bc4 e6 7. Bb3 Be7 8. f4
b5 9. O-O Bb7 10. Be3 (10. e5 dxe5 11. fxe5 Bc5 12. Be3 Nc6 $10) 10... O-O (
10... Nbd7) (10... Nc6) (10... b4) 11. e5 $1 dxe5 (11... Ne4 $5) 12. fxe5 Nfd7
(12... Ne4 $5 13. Nxe4 Bxe4 14. Qg4 Bg6 15. Rad1 Qc7 (15... Qe8 $2 16. Nxe6
fxe6 17. Qxe6+ Kh8 18. Bd5 $18) (15... Qc8 $1 16. Nxe6 Nc6 17. Qh3 Re8 $132)
16. Nxe6 $1 fxe6 17. Qxe6+ Kh8 18. Rxf8+ Bxf8 19. Qg8# {Stefansson,H-Renet,O/
Hastings/1987/}) (12... Nd5 $5 13. Nxd5 Bxd5 14. Qg4 (14. Bxd5 Qxd5 15. Nf5 Nc6
$1 $10) 14... Bc5 (14... Kh8 $5) 15. Rad1 (15. Bh6 Bxd4+ 16. Kh1 Bxe5) 15...
Nc6 $1 16. Bh6 g6 17. Bxf8 Bxd4+ 18. Kh1 (18. Rxd4 Nxd4 19. Qxd4 Qxf8 20. Bxd5
Rd8 $10) 18... Bxb3 19. axb3 Qxf8 20. Rxd4 Nxd4 21. Qxd4 Rc8 $10 {Velimirovic,
D-Bukic,E/YUG/1983/}) 13. Qh5 g6 (13... Qc7 14. Nxe6 $6 (14. Rxf7 $1 Rxf7 15.
Bxe6 Nxe5 16. Bf4 Bf6 17. Bxe5 (17. Re1 $5) 17... Bxe5 18. Bxf7+ Qxf7 19. Qxe5
$14) 14... fxe6 15. Bxe6+ Kh8 16. Rf7 (16. Bf5 Rxf5 17. Qxf5 $17) 16... Rxf7 (
16... Nc6 $2 17. Bf5) 17. Qxf7 Nc6 18. Nd5 Qxe5 19. Bxd7 Bd6 20. Bf4 Bc5+ 21.
Kh1 Qxb2 $17 {Urban,M-Ungureanu,E/Croatia/1985/}) 14. Qh3 Nc5 $2 (14... Nxe5 $2
15. Nxe6 $18) (14... Nc6 $2 15. Rxf7 $1 Rxf7 16. Nxc6 Bxc6 17. Qxe6 $18) (14...
Bg5 $1 15. Rxf7 Bxe3+ 16. Qxe3 Rxf7 17. Bxe6 (17. Nxe6 Qb6 $1 $13) 17... Nf8
18. Bxf7+ Kxf7 19. e6+ Ke8 $13) 15. Rxf7 $1 Rxf7 (15... Kxf7 16. Qxh7+ Ke8 17.
Qxg6+ Kd7 18. Nxe6 Nxe6 19. Qxe6+ Ke8 20. Qg6+ Kd7 21. Rd1+ $18) 16. Nxe6 Qb6 (
16... Nxb3 17. Nxd8 $18) (16... Qc8 17. Nxc5 Qxh3 18. gxh3 $18) 17. Nxc5 Bxc5
18. Bxf7+ Kxf7 (18... Kg7 19. Qh6+ Kxf7 20. Qxh7+) 19. Qxh7+ Ke8 $8 20. Qh8+
Ke7 (20... Kd7 21. Rd1+ Kc7 22. Qd8+ Kc6 23. Rd6+ Bxd6 24. Qxd6#) 21. Qf6+ $1
$18 Qxf6 22. Bxc5+ Kf7 23. exf6 Kxf6 24. Rf1+ Ke6 25. Re1+ Kf5 26. Re7 Bc6 27.
Bd4 (27. Ne2 $32) 27... Nd7 28. Ne2 Rd8 29. Ng3+ Kg4 30. Rf7 Rf8 31. Rg7 Kg5
32. h4+ $1 Kxh4 (32... Kh6 33. Re7) 33. Rxg6 Nb8 34. Bf2 Bd5 35. Ne4+ 1-0